Library of the University of Algiers 3
Ibrahim Sultan Cheibout
شعار جامعة الجزائر 3
مكتبة جامعة الجزائر 3
إبراهيم سلطان شيبوط

قانون الصفقات العمومية / (رقم التسجيلة. 41443)

تفاصيل مارك
000 -LEADER
fixed length control field 02052nam a2200205Ia 4500
003 - CONTROL NUMBER IDENTIFIER
control field Ost
005 - DATE AND TIME OF LATEST TRANSACTION
control field 20260416102401.0
008 - FIXED-LENGTH DATA ELEMENTS--GENERAL INFORMATION
fixed length control field 260416s9999||||xx |||||||||||||| ||und||
040 ## - CATALOGING SOURCE
Transcribing agency fsecg
041 ## - LANGUAGE CODE
Language code of text/sound track or separate title ara
082 ## - DEWEY DECIMAL CLASSIFICATION NUMBER
Classification number 346.023
100 ## - MAIN ENTRY--PERSONAL NAME
Personal name بعزيز، أمال
Relator term مؤلف
245 #0 - TITLE STATEMENT
Title قانون الصفقات العمومية /
Statement of responsibility, etc. أمال بعزيز
260 ## - PUBLICATION, DISTRIBUTION, ETC.
Place of publication, distribution, etc. الجزائر
Name of publisher, distributor, etc. جامعة الجزائر3: كلية العلوم الإقتصادية، العلوم التجارية وعلوم التسيير
Date of publication, distribution, etc. 2024
300 ## - PHYSICAL DESCRIPTION
Extent 111 ورقة
Other physical details ايضاحات
Dimensions 12 سم
504 ## - BIBLIOGRAPHY, ETC. NOTE
Bibliography, etc. note المراجع ص.101 الملاحق ص.110
520 ## - SUMMARY, ETC.
Summary, etc. تتناول هذه المطبوعة بشكل تفصيلي إطار قانون الصفقات العمومية وتفويضات المرفق العام في الجزائر، مع استعراض تاريخ تطور هذا النظام القانوني وأهم المبادئ التي يقوم عليها.يشمل العمل تحليلاً دقيقاً لأنواع الصفقات العمومية، وطرق إبرامها، والإجراءات التي يجب اتباعها في كل مرحلة من مراحل الصفقة، بدءاً من الإعلان عن طلب العروض وحتى تنفيذ العقد. كما يتناول المطبوعة بالتفصيل المعايير التي تخضع لها الصفقات العمومية، والمبادئ الأساسية التي تحكمها مثل مبدأ حرية المنافسة والمساواة والشفافية.أخيرًا، تُسلط هذه المطبوعة الضوء على أهمية الرقابة على الصفقات العمومية، سواء كانت رقابة داخلية أو خارجية، وذلك لضمان الشفافية والنزاهة في إجراءات إبرام العقود وحماية المال العام.
710 ## - ADDED ENTRY--CORPORATE NAME
Corporate name or jurisdiction name as entry element جامعة الجزائر3: كلية العلوم الإقتصادية، العلوم التجارية وعلوم التسيير
Relator term ناشر علمي
942 ## - ADDED ENTRY ELEMENTS (KOHA)
Koha item type مطبوعات
المقتنيات
Withdrawn status Lost status Source of classification or shelving scheme Damaged status Not for loan Home library Current library Date acquired Serial enumeration / chronology Inventory number Total checkouts Full call number Barcode Date last seen Price effective from Koha item type
    Dewey Decimal Classification   NOT LOAN / إعارة داخلية مكتبة كلية العلوم الإقتصادية والعلوم التجارية وعلوم التسيير مكتبة كلية العلوم الإقتصادية والعلوم التجارية وعلوم التسيير 16/04/2026 الطابق الثاني مط.879-1   مط.879 ن1 مط.879-1 16/04/2026 16/04/2026 مطبوعات

موارد الويب المفتوحة


© University of Algiers 3 All Rights Reserved
|
Implemented by LECHELAH Riad